Dedalico dalí /
Guardado en:
| Autor Principal: | |
|---|---|
| Formato: | Libro |
| Publicado: |
España :
Ediciónes B,
1991
|
| Materias: | |
| Etiquetas: |
Agregar Etiqueta
Sin Etiquetas, Sea el primero en etiquetar este registro!
|
| LEADER | 00503nam a22001935a 4500 | ||
|---|---|---|---|
| 001 | CEM.cems007428 | ||
| 005 | 20060214000000.0 | ||
| 008 | 130507s1991##################000#0#####d | ||
| 003 | CEMS | ||
| 082 | 0 | 4 | |a 927 |
| 100 | 1 | |a Romero, Luis | |
| 245 | 1 | 0 | |a Dedalico dalí / |
| 260 | |a España : |b Ediciónes B, |c 1991 | ||
| 300 | |a 234 p. | ||
| 653 | |a Biografias | ||
| 653 | |a Dadi, salvador-biografia | ||
| 653 | |a Pintura | ||
| 653 | |a Pintura española | ||
| 859 | |a CEMS |b BIB. CEMS - 11 de abril |h 927 |i D159 |p 16368.91 |t Ej.1 | ||
